00324nam a22001097a 4500020001800000082001500018100001600033245008900049260004600138300002100184563000900205 a9789699290152 a297.4bAWA aAwan, Z. A. aHeart Deeper than Ocean: bTranslation of Sultan Bahoo's Punjabi Abyat /cZ. A. Awan aLahore :bAl-Arifeen Publications,c2017. a204 p. ;c24 cm. aPBK.